000 00625nam a2200193 4500
001 110279
003 ES-MaACL
005 20250811072551.0
007 t|
008 061121s1973 sp r ||||1| spa d
110 1 _aEspaña.
_bMinisterio de Trabajo
_93924
245 1 0 _aOrdenanza de Trabajo para la Minería del Carbón
_b: [Orden de 29 de enenro de 1973].
260 _aMadrid :
_bMinisterio de Trabajo,
_c1973.
300 _a98 p. ;
_c21 cm.
490 1 _aBiblioteca de textos legales
830 0 _aBiblioteca de textos legales
_9177271
852 _aES-MaACL
_jE-7576
_bR.91805
999 _c110279
_d110279